Capitales des régions françaises - Mort subite - Statistiques

Statistiques générales
  • Ce quiz a été pris 3 222 fois
  • Le résultat moyen est 6 sur 15
Answers on the Grid
Answers color-coded by a green-red scale on the quiz's grid according to % correct below.
Toulouse
Montpellier
Paris
Nice
Marseille
Clermont-Ferrand
Dijon
Besançon
Metz
Strasbourg
Lyon
Tours
Orléans
Bordeaux
Limoges
Rennes
Brest
Caen
Le Havre
Lille
Rouen
Nantes
Angers
Versailles
Les Abymes
Fort-de-France
Saint-Denis (La Réunion)
Ajaccio
Pau
Amiens
 
Statistiques - réponses
Réponse % Correct
Paris
58%
Marseille
55%
Lyon
54%
Lille
51%
Bordeaux
48%
Strasbourg
44%
Toulouse
44%
Rennes
38%
Nantes
36%
Saint-Denis (La Réunion)
35%
Ajaccio
32%
Dijon
28%
Fort-de-France
26%
Rouen
21%
Orléans
19%
Aucun quiz correspondant
Distribution des résultats
% des personnes avec chaque résultat
Percentile par nombre de réponses
Votre historique - résultats
Vous n’avez pas pris ce quiz